[Event "EU Union-ch U14"]
[Site "Pec pod Snezkou"]
[Date "2022.08.27"]
[Round "6"]
[White "Abitbol, Ethan"]
[Black "Lazniewska, Zofia"]
[Result "1/2-1/2"]
[WhiteElo "1490"]
[BlackElo "1545"]
[PlyCount "81"]
[EventDate "2022.08.22"]
[EventType "swiss"]
[EventRounds "9"]
[EventCountry "CZE"]
[SourceTitle "EXT 2023"]
[Source "ChessBase"]
[SourceDate "2022.10.05"]
[SourceVersion "1"]
[SourceVersionDate "2022.10.05"]
[SourceQuality "1"]

1. e4 c5 2. Nc3 Nc6 3. Bb5 Nd4 4. Nf3 Nxb5 5. Nxb5 d6 6. d4 cxd4 7. Qxd4 a6 8. Nc3 e5 9. Qd3 Nf6 10. Bg5 Be6 11. Rd1 h6 12. Bh4 g5 13. Bg3 Qc7 14. Nd2 Rd8 15. Nd5 Nxd5 16. exd5 Bg4 17. f3 Bh5 18. Qb3 Bg6 19. c4 Bg7 20. 0-0 0-0 21. Bf2 Rc8 22. Rc1 Qd7 23. c5 dxc5 24. Bxc5 Rfd8 25. Bb6 Re8 26. Rfe1 Kh7 27. Ne4 Rxc1 28. Rxc1 Rc8 29. Rxc8 Qxc8 30. Qc3 Qd7 31. Qc5 Qa4 32. Nc3 Qc2 33. d6 Qc1+ 34. Kf2 Qxb2+ 35. Kg3 h5 36. h3 Bf5 37. Ne4 Bxe4 38. fxe4 Qd2 39. Kh2 Qf4+ 40. Kg1 Qd2 41. Qd5 1/2-1/2